000 00401nam a2200181Ia 4500
005 20250425161609.0
008 250425s9999 xx 000 0 und d
041 _aspa
082 _a301
100 _aGURVITCH, GEORGES
245 0 _aSOCIOLOGIA DEL SIGLO XX
250 _a1A ED.
260 _aBARCELONA
260 _aEspaƱa
_bATENEO
_c1965
300 _a438
942 _c01
010 _a23940
999 _c212293
_d212293